| 000 | 00777nam a2200193 a 4500 | ||
|---|---|---|---|
| 001 | 000014189 | ||
| 005 | 20200929163519.0 | ||
| 008 | 091207s1988 dr 000 0 spa d | ||
| 040 |
_aDO-SdBNP _bspa _cBNPHU |
||
| 082 |
_a338.4791 _bC749p |
||
| 111 | 1 |
_aCongreso Nacional de Turismo Interno _n(1 : _d1988 ene. 15-17 : _cJarabacoa, República Dominicana) _932060 |
|
| 245 | 1 | 0 | _aPrimer Congreso nacional de turismo interno. |
| 246 | 1 | _a1er. Congreso Nacional de Turismo Interno | |
| 260 |
_aSanto Domingo : _bSecretaría de Estado de Turismo, _c1988. |
||
| 300 |
_a83 p. ; _c27 cm. |
||
| 650 | 4 |
_aTurismo _xCongresos, conferencias, etc _zRepública Dominicana _932061 |
|
| 650 | 4 |
_aPromoción de turismo _xCongresos, fonferencias, etc. _zRepública Dominicana _932062 |
|
| 049 | _aBNPD | ||
| 999 |
_c13790 _d13790 |
||